History Quiz

Random History or Nation Quiz

Leaders Who Opened Summer Olympics Quiz Stats

Quiz Updated Aug 6, 2016

Challenge
Share
Tweet
Score 0/28 Timer 08:00
4 Plays Today
% Correct
2012 London
96.3%
1936 Berlin
96.1%
1996 Atlanta
95.2%
1984 Los Angeles
93.9%
1964 Tokyo
92%
1980 Moscow
90.9%
2004 Athens
86.5%
1896 Athens
86.5%
2008 Beijing
85.7%
1992 Barcelona
82.2%
1988 Seoul
82.1%
1948 London
73.9%
1968 Mexico City
71.9%
1908 London
70.6%
% Correct
1960 Rome
68.7%
1912 Stockholm
63.2%
1976 Montreal
61.7%
1932 Los Angeles
60.2%
1904 St. Louis
58%
1952 Helsinki
56.4%
1972 Munich
54.3%
1924 Paris
52.6%
1900 Paris
51.9%
1956 Melbourne
48.4%
2016 Rio
45.5%
2000 Sydney
45%
1920 Antwerp
34.9%
1928 Amsterdam
33.2%

You're not logged in!

Compare scores with friends on all Sporcle quizzes.
Sign Up with Email
OR
Log In

You Might Also Like...

Show Comments

Extras

Top Quizzes Today


Score Distribution

Your Account Isn't Verified!

In order to create a playlist on Sporcle, you need to verify the email address you used during registration. Go to your Sporcle Settings to finish the process.